• 首页
  • 本馆介绍
  • 公告通知
  • 最新文献
  • 馆藏检索
  • 电子资源
  • 读者导购
  • 参考咨询
  • 我的图书馆
  • 登录
  • 详细信息显示
  • 放入我的书架
  • 预约/预借图书
  • 作者相关作品
  • 分类相关作品
  • 丛书相关作品
  • 出版社相关作品

书目信息

  • 表格格式
  • 工作单格式
  • 卡片格式
题名:
动态财务管理案例
    
 
作者: 威斯通 著 ;张瑾 译
分册:  
出版信息: 北京   中国人民大学出版社  2004
页数: 381页
开本: 22cm
丛书名: 本科经济管理译丛
单 册:
中图分类: F275 , F271
科图分类:
主题词: 企业管理--财务管理--案例 , 财务管理 , 企业管理
电子资源:
ISBN: 7-300-05417-X
000 01371nam0 2200337 450
000 01370nam0 2200325 450
000 01303nam0 2200301 450
000 01267nam0 2200289 45
005 20070725144809.28
010    @a7-300-05417-X@dCNY29.00
100    @a20070711d2004 em y0chiy0120 ea
101 1  @achi@ceng
102    @aCN@b110000
105    @ay z 000yy
200 1  @a动态财务管理案例@ADong Tai Cai Wu Guan Li An Li@e购并及重组@EGou Bing Ji Zhong Zu@dCases in dynamic finance : mergers and restructuring@fJ. 弗瑞德·韦斯顿(J. Fred Weston)著@FJ. Fu Rui De· Wei Si Dun (J. Fred Weston) Zhu@g张瑾译@zeng
210    @a北京@c中国人民大学出版社@d2004
215    @a381页@d22cm
225 2  @a本科经济管理译丛
306    @a培生教育出版公司授权中国人民大学出版社合作出版
330    @a本书所收集的案例包括已在市场中成功经营的公司和仍在新的市场环境下不断开拓的公司的奋斗经验,内容涵盖传统微观经济学、经融学、企业购并重组和公司管理等多个领域。
410  0 @12001 @a本科经济管理译丛
510 1  @aCases in dynamic finance : mergers and restructuring@zeng
606 0  @a企业管理@x财务管理@x案例
606 0  @a财务管理
606 0  @a企业管理
690    @aF275@v4
690    @aF271@v3
701  1 @c(美)@a威斯通@AWei Si Tong@g(Weston, J. Fred)@4著
702  0 @a张瑾@AZhang Jin@c(财务管理)@4译
801  0 @aCN@bTAOJIN@c20070725
905    @a10447@dF271@e621
    
    动态财务管理案例:购并及重组=Cases in dynamic finance : mergers and restructuring/J. 弗瑞德·韦斯顿(J. Fred Weston)著/张瑾译.-北京:中国人民大学出版社,2004
    381页;22cm.-(本科经济管理译丛)
    
    
    ISBN 7-300-05417-X:CNY29.00
    本书所收集的案例包括已在市场中成功经营的公司和仍在新的市场环境下不断开拓的公司的奋斗经验,内容涵盖传统微观经济学、经融学、企业购并重组和公司管理等多个领域。
●
相关链接 在E读中查询图书 在五车中查询图书 在当当中查询图书 在豆瓣中查询图书


正题名:动态财务管理案例     索取号:F271/621         预约/预借

序号 登录号 条形码 馆藏地/架位号 状态 备注
1 0825677   208256778   第一样本阅览室/ [索取号:F271/621] 在馆    
2 0825678   208256787   密集书库/ [索取号:F271/621] 在馆    
3 0825679   208256796   密集书库/ [索取号:F271/621] 在馆    
4 0825680   208256803   密集书库/ [索取号:F271/621] 在馆    
5 0825681   208256812   第一借阅区/ [索取号:F271/621] 在馆    
6 0825682   208256821   第一借阅区/ [索取号:F271/621] 在馆    
7 0825683   208256830   第一借阅区/ [索取号:F271/621] 在馆    
8 0825684   208256849   第一借阅区/ [索取号:F271/621] 在馆    
唐山师范学院图书馆 欢迎您!
大连网信软件有限公司© 版权所有